Statistics for Eurovision Test #1

Click here to take the quiz!

General Stats

  • This quiz has been taken 294 times
  • The average score is 6 of 15

Answer Stats

QuestionAnswer% Correct
Which of these famous bands started their worldwide sucess by winning the 1974 Eurovision Song Contest?ABBA
99%
Tied with Sweden, what's the country with the most ESC wins?Ireland
94%
Who was the first participant to have won the contest twice?Johnny Logan
71%
Serafín Zubiri, the Spanish representitive in 1992 and 2000, was the first contestant to be...Blind
69%
Which country waited the longest for their first win?Portugal
59%
Which of these statements about Jacques Pills, that performed the first entry from Monaco, is false?He was Monegasque
35%
What was the first year to be broadcast in colour?1968
33%
Where was the first Eurovision held?Lugano
33%
Which country has ended in last place the most?Norway
32%
When was the winning tiebreak rule used first?1991
29%
What was the first duet to participate in Eurovision?Birthe Wilke and Gustav Winckler
27%
When was the first time that a country received 0 points?1962
24%
Which of these contestants took part in the contest on fewer than four occasions?Corry Brokken
20%
Nathalie Pâque is, to this day, the youngest participent ever. How old was she when she represented France in 1989?11
17%
Who was the first non-white contestant?Anneke Grönloh
8%

Score Distribution

Percentile by Number Answered

Percent of People with Each Score

Your Score History

You have not taken this quiz